Algunos elementos para un análisis de los periodos críticos del algodón en Nicaragua /
Збережено в:
| Автор: | |
|---|---|
| Інші автори: | |
| Формат: | Текст |
| Опубліковано: |
León:
UNAN
|
| Теги: |
Додати тег
Немає тегів, Будьте першим, хто поставить тег для цього запису!
|
MARC
| LEADER | 00000 a a2200000 04500 | ||
|---|---|---|---|
| 001 | 21021 | ||
| 003 | |||
| 040 | |||
| 090 | |a 090600 | ||
| 100 | |a Navas Mendoza, Azucena | ||
| 245 | |a Algunos elementos para un análisis de los periodos críticos del algodón en Nicaragua / |c Azucena Navas Mendoza | ||
| 260 | |a León: |b UNAN | ||
| 300 | |a 29 p. | ||
| 700 | |a Jiménez Alar, Adonai |a Cáceres Vílchez, Luz Adilia |a Montiel Castillo, Arnoldo | ||
| 999 | |c 2951 |d 2951 | ||
